ნორმალური ფორმატი
MARC ფორმატი
ჩანაწერი Corporate Name
ჩანაწერთა რაოდენობა, რომელიც გამოყენებულია: 3
001 - CONTROL NUMBER
- control field: 2439
003 - CONTROL NUMBER IDENTIFIER
- control field: GE_BSU
005 - DATE AND TIME OF LATEST TRANSACTION
- control field: 20190611213633.0
008 - FIXED-LENGTH DATA ELEMENTS
- fixed length control field: 190611|| aca||aabn | a|a d
040 ## - CATALOGING SOURCE
- Original cataloging agency: GE_BSU
- Transcribing agency: GE_BSU
110 ## - HEADING--CORPORATE NAME
- Corporate name or jurisdiction name as entry element: ივ. ჯავახიშვილის სახ. თსუ
670 ## - SOURCE DATA FOUND
- Source citation: Work cat.: (GE_BSU)36888: ანდრაზაშვილი, მარინა 2438, გერმანული ენის გრამატიკა = Grammatik der deutschen Sprache 4 წიგნად :
